Music Quiz

Random Music Quiz

Name the singer from the 2000's. Quiz Stats

 Plays Quiz not verified by Sporcle

Challenge
Share
Tweet
Score 0/30 Timer 08:00
1 Play Today
% Correct
Beyonce
91.7%
Slim Shady
90%
Mariah Carey
86.7%
Usher
85%
Destiny's Child
80%
Rihanna
80%
Taylor Swift
80%
Black Eyed Peas
76.7%
Snoop Dogg
75%
Kanye West
73.3%
Katy Perry
73.3%
Lady Gaga
71.7%
Nickelback
70%
Jay Z
70%
Daft Punk
70%
% Correct
Kelly Clarkson
68.3%
Shakira
68.3%
Pink
61.7%
Jennifer Lopez
61.7%
Alicia Keys
58.3%
Christina Aguilera
56.7%
Nelly
55%
Justin Timberlake
55%
Gwen Stefani
50%
Ludacris
46.7%
50 Cent
46.7%
Linkin Park
45%
Gorillaz
41.7%
Jennifer Hudson
33.3%
Kings Of Leon
16.7%

You're not logged in!

Compare scores with friends on all Sporcle quizzes.
OR
Log In

You Might Also Like...

Show Comments

Extras

Created Mar 5, 2017ReportNominate
Tags:2000

Top Quizzes Today


Score Distribution

Your Account Isn't Verified!

In order to create a playlist on Sporcle, you need to verify the email address you used during registration. Go to your Sporcle Settings to finish the process.

Report this User

Report this user for behavior that violates our Community Guidelines.

Details: